Länder, die auf dem Äquator liegen - Statistiken

Allgemein
  • Dieses Quiz wurde 222 mal gespielt
  • Das Durchschnittsergebnis liegt bei 8 aus 13
Antwortstatistiken
Antwort % Korrekt
Brasilien
94%
Demokratische Republik Kongo
87%
Ecuador
87%
Republik Kongo
85%
Indonesien
80%
Kenia
74%
Kolumbien
74%
Gabun
63%
Uganda
55%
Somalia
51%
São Tomé und Prìncipe
43%
Malediven
33%
Kiribati
20%
Keine übereinstimmenden Quizze gefunden
Verteilung der Resultate
Anzahl Personen mit jedem Resultat
Perzentil nach korrekt beantworteten Fragen
Ihre Resultats-Entwicklung
Sie haben dieses Quiz noch nicht gespielt